Relaciones de in-dependencia entre oralidad y escritura

Saved in:
Bibliografiske detaljer
Hovedforfatter: Ferreiro Schiavi, Emilia (compiladora)
Format: Bog
Sprog:spansk
Udgivet: Barcelona Gedisa 2002
Serier:Colección Lea, Lenguaje, Escritura, Alfabetización, 21
Fag:
Tags: Tilføj Tag
Ingen Tags, Vær først til at tagge denne postø!

MARC

LEADER 00000nam a2200000 a 4500
001 UCL3101
003 CL-VaPUC
008 031114e20020000SP |||||||||||||||||spa|d
020 |a 8474329558 
082 0 4 |a 401.41  |b FER  |2 21 
100 |a Ferreiro Schiavi, Emilia  |e compiladora  |9 488295 
245 1 0 |a Relaciones de in-dependencia entre oralidad y escritura 
300 |a 186 p 
942 |c BK 
945 |d 20031114 00:00:00  |a cmena 
260 |a Barcelona  |b Gedisa  |c 2002 
650 0 |a Análisis del discurso  |9 256696 
650 0 |a Escritura  |9 264941 
650 0 |a Lenguaje oral   |9 354612 
650 7 |a LENGUAJE ESCRITO  |2 CL-VaPUC  |9 454872 
650 0 |a Psicolingüística   |9 283371 
583 |a last modification  |c 20031114 00:00:00  |k Rodrigo Vera 
490 0 |a Colección Lea, Lenguaje, Escritura, Alfabetización, 21 
999 |c 306232  |d 306230 
952 |0 0  |1 0  |4 0  |6 401_410000000000000_FER_2002  |7 0  |8 A  |9 371087  |a FDOPOS  |b FDOPOS  |d 2019-11-21  |i 396244K  |o 401.41 FER 2002  |p 396244K  |r 2025-01-22  |w 2019-11-21  |y BK  |k MLA 
952 |0 0  |1 0  |4 0  |6 401_410000000000000_FER_2002  |7 0  |8 A  |9 371088  |a BIBEDU  |b BIBEDU  |d 2019-11-21  |i 4065778  |l 1  |o 401.41 FER 2002  |p 4065778  |r 2022-04-19  |s 2022-04-19  |w 2019-11-21  |y BK  |k PAR 
952 |0 0  |1 0  |4 0  |6 401_410000000000000_FER_2002  |7 0  |8 A  |9 371089  |a FDOPOS  |b FDOPOS  |d 2019-11-21  |i 4123891  |o 401.41 FER 2002  |p 4123891  |r 2025-01-22  |w 2019-11-21  |y BK  |k MLA 
952 |0 0  |1 0  |4 0  |6 401_410000000000000_FER_2002  |7 0  |8 A  |9 371090  |a BIBEDU  |b BIBEDU  |d 2019-11-21  |i 4291514  |o 401.41 FER 2002  |p 4291514  |r 2019-11-21  |w 2019-11-21  |y BK  |k EDI